Central Library || Chittagong University

General biology.// (Record no. 111890)

MARC details
000 -LEADER
fixed length control field 00474nam a22001697a 4500
003 - CONTROL NUMBER IDENTIFIER
control field BD-ChCU
005 - DATE AND TIME OF LATEST TRANSACTION
control field 20260329131744.0
008 - FIXED-LENGTH DATA ELEMENTS--GENERAL INFORMATION
fixed length control field 260329b bg ||||| |||| 00| 0 ben d
040 ## - CATALOGING SOURCE
Transcribing agency BD-ChCU
082 ## - DEWEY DECIMAL CLASSIFICATION NUMBER
Classification number 574 TAG
100 ## - MAIN ENTRY--PERSONAL NAME
Personal name Taylor, William I. and Weber, Richard J.
9 (RLIN) 20869
245 ## - TITLE STATEMENT
Title General biology.//
Statement of responsibility, etc. Taylor, William I. and Weber, Richard J.
260 ## - PUBLICATION, DISTRIBUTION, ETC.
Place of publication, distribution, etc. New York.
Name of publisher, distributor, etc. Nostrand.
Date of publication, distribution, etc. 1961
300 ## - PHYSICAL DESCRIPTION
Extent x, 945p
650 #0 - SUBJECT ADDED ENTRY--TOPICAL TERM
Topical term or geographic name entry element Biology.
9 (RLIN) 20870
942 ## - ADDED ENTRY ELEMENTS (KOHA)
Source of classification or shelving scheme Dewey Decimal Classification
Koha item type Books
Suppress in OPAC No
Holdings
Withdrawn status Lost status Source of classification or shelving scheme Damaged status Not for loan Home library Current library Shelving location Date acquired Source of acquisition Total Checkouts Full call number Barcode Date last seen Copy number Price effective from Koha item type
    Dewey Decimal Classification     Chittagong University Library Chittagong University Library Science Reading Room 03/29/2026 Purchase   574 TAG 95766 03/29/2026 C-1 03/29/2026 Books
    Dewey Decimal Classification     Chittagong University Library Chittagong University Library Science Reading Room 03/29/2026 Purchase   574 TAG 95767 03/29/2026 C-2 03/29/2026 Books
© Copyright 2026. Chittagong University Library, Installation and Maintenance by Prof. Dr. Md. Alamgir, 01711306253